Ruido: la nueva amenaza.
Uloženo v:
| Hlavní autor: | |
|---|---|
| Médium: | Kniha |
| Jazyk: | španělština |
| Vydáno: |
Buenos Aires, Argentina
Tres Tiempos
1977
|
| Edice: | Libros del Hoy Candente. Ensayos.
8 |
| Témata: | |
| Tagy: |
Přidat tag
Žádné tagy, Buďte první, kdo vytvoří štítek k tomuto záznamu!
|
MARC
| LEADER | 00000nam a2200000 a 4500 | ||
|---|---|---|---|
| 001 | UCT2244 | ||
| 003 | CL-VaPUC | ||
| 005 | 20250115112932.0 | ||
| 008 | 961011e19770000AG |||||||||||||||||spa|d | ||
| 999 | |c 252441 |d 252439 | ||
| 040 | |c Pontificia Universidad Católica de Valparaíso | ||
| 082 | 0 | 4 | |a 363.74 KAV 1977 |2 21 |
| 100 | 0 | |a Kavaler, Lucy |9 371312 | |
| 245 | 1 | 0 | |a Ruido: la nueva amenaza. |
| 260 | 0 | 3 | |a Buenos Aires, Argentina |b Tres Tiempos |c 1977 |
| 300 | |a 237 páginas | ||
| 490 | 0 | |a Libros del Hoy Candente. Ensayos. |v 8 | |
| 583 | |a last modification |c 19961011 00:00:00 |k Rodrigo Vera | ||
| 650 | 7 | |a RUIDO |2 CL-VaPUC |9 263306 | |
| 650 | 0 | |a Ondas sonoras |9 322250 | |
| 650 | 0 | |a Acústica |9 265389 | |
| 650 | 0 | |a Ambiente acústico |9 362332 | |
| 650 | 7 | |a SILENCIO |2 CL-VaPUC |9 256537 | |
| 650 | 7 | |a LEGISLACION |2 CL-VaPUC |9 371313 | |
| 650 | 0 | |a Sociología |9 255410 | |
| 942 | |c BK |2 ddc | ||
| 945 | |d 19961011 00:00:00 |a cmena | ||
| 952 | |0 0 |1 0 |2 ddc |4 0 |6 363_740000000000000_KAV_1977 |7 0 |8 A |9 272314 |a BIBCUR |b BIBCUR |d 2019-11-19 |i 1762524 |o 363.74 KAV 1977 |p 1762524 |r 2025-04-22 |t 1 |w 2019-11-19 |y BK |k BCB | ||